Piese de șah - Statistics

General Stats
  • This quiz has been taken 11 times
  • The average score is 5 of 6
Answer Stats
Piesă % Correct
Cal
100%
Rege
100%
Damă
75%
Pion
75%
Turn
75%
Nebun
50%
No matching quizzes found
Score Distribution
Percent of People with Each Score
Percentile by Number Answered
Your Score History
You have not taken this quiz